000 01272nji a22002777a 4500
005 20100907113946.0
006 a|||||r|||||00| 0
007 sd ammalaaahaa
008 100830t xxu||||| |||| 00| 0 eng d
028 _aN 53954
_bHis Master's Voice
035 _aGR-00975
040 _aSED
_cSED
100 _917455
_aBhosle, Asha
245 _aNaag devta /
_cby Asha Bhosle ; music by S. N. Tripathi ; lyrics by Qamar Jalalabadi [and] Prakash Mehra
_h[sound recording] :
246 _aनाग देवता / आशा भोसले द्वारा
260 _aDum Dum, India
_bHis Master's Voice
300 _a1 sound disc [Gramophone Recording]:
_banalog, 33 1/3 rpm
_c9.5 in. (MP)
_fGramophone Record
500 _aBrief Record
505 _aSide-१ जाये कहा ये पिया की जोगनिया (Jaaye kaha ye piya ki joganiya) (Asha Bhosle) --Side-2 झंकार पायल की तोसे (Jhankar payal k tose) (Asha Bhosle)
650 _aClassical music
_zIndia
_91186
_xExcerpts
700 _917416
_aTripathi, S. N.
700 _917456
_aMehra, Prakash
700 _aJalalabadi, Qamar
_918703
942 _2ddc
_cGR
999 _c44168
_d44168